Teatro

Uloženo v:
Podrobná bibliografie
Hlavní autor: Azorín Martínez Ruiz, José (autor)
Médium: Kniha
Jazyk:španělština
Vydáno: Madrid Renacimiento 1929
Edice:Obras Completas, 1
Témata:
Tagy: Přidat tag
Žádné tagy, Buďte první, kdo vytvoří štítek k tomuto záznamu!

MARC

LEADER 00000nam a2200000 a 4500
001 UCY9246
003 CL-VaPUC
008 950713e19290000SP |||||||||||||||||spa|d
082 0 4 |a 862  |b AZO  |2 21 
100 |a Azorín  |e autor  |q Martínez Ruiz, José  |9 863023 
245 1 0 |a Teatro 
246 1 0 |a Old spain 
246 1 0 |a Brandy, mucho brandy 
246 1 0 |a Comedia del arte 
300 |a 356 p 
942 |c BK 
945 |d 19950713 00:00:00  |a rbrito 
260 |a Madrid  |b Renacimiento  |c 1929 
650 0 |a Dramas españoles  |9 267081 
583 |a last modification  |c 19950713 00:00:00  |k Rodrigo Vera 
490 0 |a Obras Completas, 1 
999 |c 236371  |d 236369 
952 |0 0  |1 0  |4 0  |6 862_000000000000000_AZO_1929  |7 0  |8 A  |9 244428  |a BIBEDU  |b BIBEDU  |d 2019-11-18  |i 3101657  |o 862 AZO 1929  |p 3101657  |r 2019-11-18  |w 2019-11-18  |y BK  |k LIT